|
|
|
|
| LEADER |
00632cam a2200205ua 4500 |
| 008 |
060815t1997||||||||||| 00 ||eng c |
| 020 |
|
|
|a 81-7024-846-9
|
| 041 |
0 |
|
|a eng
|
| 082 |
|
|
|a 333.714
|b HUM.1
|
| 245 |
0 |
0 |
|a Human health and environment- Vol-I /
|
| 250 |
|
|
|a 1st ed.
|
| 260 |
|
|
|a New Delhi:
|b A.P.H Publishing corporation,
|c 1997.
|
| 300 |
|
|
|a x, 270p..
|
| 362 |
1 |
|
|a 1997.
|
| 365 |
|
|
|a Rs.1000/- (for the s
|e hb
|
| 650 |
|
|
|a Human health
|
| 650 |
0 |
|
|a Social science
|
| 942 |
|
|
|c BK
|
| 999 |
|
|
|c 6990
|d 6990
|
| 952 |
|
|
|0 0
|1 0
|4 0
|6 333_714000000000000_HUM
|7 0
|9 7328
|a KUCL
|b KUCL
|d 2014-05-23
|l 0
|o 333.714 HUM.
|p 00237
|r 2014-05-23
|w 2014-05-23
|y BK
|